All the towns in Bulgaria in cyrillic - Statistics

General Stats
  • This quiz has been taken 8 times
  • The average score is 104 of 257
Answers on the Map
Answers color-coded by a green-red scale on the quiz's map according to % correct below.
 
Answer Stats
Област Answer % Correct
Благоевград Благоевград
100%
Бургас Бургас
100%
Бургас Несебър
100%
Варна Варна
100%
Пловдив Пловдив
100%
София-град София
100%
Благоевград Петрич
67%
Благоевград Сандански
67%
Благоевград Мелник
67%
Бургас Айтос
67%
Бургас Карнобат
67%
Бургас Малко търново
67%
Бургас Обзор
67%
Бургас Поморие
67%
Бургас Приморско
67%
Бургас Созопол
67%
Бургас Царево
67%
Варна | Русе Бяла
67%
Велико Търново Велико Търново
67%
Велико Търново Горна Оряховица
67%
Велико Търново Елена
67%
Велико Търново Лясковец
67%
Велико Търново Полски Тръмбеш
67%
Велико Търново Свищов
67%
Видин Видин
67%
Враца Враца
67%
Враца Мездра
67%
Габрово Габрово
67%
Габрово Дряново
67%
Габрово Севлиево
67%
Добрич Генерал Тошево
67%
Добрич Добрич
67%
Добрич Тервел
67%
Добрич Шабла
67%
Кърджали Крумовград
67%
Кърджали Кърджали
67%
Кюстендил Кюстендил
67%
Ловеч Ловеч
67%
Ловеч Луковит
67%
Монтана Лом
67%
Монтана Монтана
67%
Пазарджик Пазарджик
67%
Пазарджик Панагюрище
67%
Пазарджик Пещера
67%
Перник Перник
67%
Плевен Левски
67%
Плевен Плевен
67%
Пловдив Асеновград
67%
Разград Разград
67%
Русе Две Могили
67%
Русе Русе
67%
Силистра Силистра
67%
Сливен Нова Загора
67%
Сливен Сливен
67%
Смолян Девин
67%
Смолян Смолян
67%
Софийска Елин Пелин
67%
Стара Загора Казанлък
67%
Стара Загора Шипка
67%
Стара Загора Стара Загора
67%
Търговище Попово
67%
Търговище Търговище
67%
Хасково Димитровград
67%
Хасково Хасково
67%
Шумен Шумен
67%
Ямбол Ямбол
67%
Благоевград Банско
33%
Благоевград Добринище
33%
Благоевград Белица
33%
Благоевград Гоце Делчев
33%
Благоевград Кресна
33%
Благоевград Разлог
33%
Благоевград Симитли
33%
Благоевград Хаджидимово
33%
Благоевград Якоруда
33%
Бургас Българово
33%
Бургас Камено
33%
Бургас Свети Влас
33%
Бургас Китен
33%
Бургас Черноморец
33%
Бургас Средец
33%
Бургас Сунгурларе
33%
Бургас Ахтопол
33%
Варна Аксаково
33%
Варна Игнатиево
33%
Варна Белослав
33%
Варна Вълчи дол
33%
Варна Девня
33%
Варна Долни чифлик
33%
Варна Дългопол
33%
Варна Провадия
33%
Варна Суворово
33%
Велико Търново Долна Оряховица
33%
Велико Търново Златарица
33%
Велико Търново Павликени
33%
Велико Търново Бяла черква
33%
Велико Търново Стражица
33%
Велико Търново Сухиндол
33%
Видин Белоградчик
33%
Видин Брегово
33%
Видин Дунавци
33%
Видин Грамада
33%
Видин Димово
33%
Видин Кула
33%
Враца Бяла Слатина
33%
Враца Козлодуй
33%
Враца Криводол
33%
Враца Мизия
33%
Враца Оряхово
33%
Враца Роман
33%
Габрово Трявна
33%
Габрово Плачковци
33%
Добрич Балчик
33%
Кърджали Ардино
33%
Кърджали Джебел
33%
Кърджали Момчилград
33%
Кюстендил Бобов дол
33%
Кюстендил Бобошево
33%
Кюстендил Дупница
33%
Кюстендил Кочериново
33%
Кюстендил Рила
33%
Кюстендил Сапарева баня
33%
Ловеч Априлци
33%
Ловеч Летница
33%
Ловеч Тетевен
33%
Ловеч Троян
33%
Ловеч Угърчин
33%
Ловеч Ябланица
33%
Монтана Берковица
33%
Монтана Бойчиновци
33%
Монтана Брусарци
33%
Монтана Вълчедръм
33%
Монтана Вършец
33%
Монтана Чипровци
33%
Пазарджик Батак
33%
Пазарджик Белово
33%
Пазарджик Брацигово
33%
Пазарджик Велинград
33%
Пазарджик Ракитово
33%
Пазарджик Септември
33%
Пазарджик Стрелча
33%
Пазарджик Сърница
33%
Перник Брезник
33%
Перник Земен
33%
Перник Радомир
33%
Перник Трън
33%
Плевен Белене
33%
Плевен Гулянци
33%
Плевен Долна Митрополия
33%
Плевен Долни Дъбник
33%
Плевен Искър
33%
Плевен Кнежа
33%
Плевен Никопол
33%
Плевен Пордим
33%
Плевен Червен Бряг
33%
Пловдив Брезово
33%
Пловдив Карлово
33%
Пловдив Баня
33%
Пловдив Кричим
33%
Пловдив Куклен
33%
Пловдив Лъки
33%
Пловдив Перущица
33%
Пловдив Първомай
33%
Пловдив Раковски
33%
Пловдив Садово
33%
Пловдив Сопот
33%
Пловдив Стамболийски
33%
Пловдив Съединение
33%
Пловдив Хисаря
33%
Разград Завет
33%
Разград Исперих
33%
Разград Кубрат
33%
Разград Лозница
33%
Разград Цар Калоян
33%
Русе Борово
33%
Русе Ветово
33%
Русе Мартен
33%
Русе Сливо Поле
33%
Силистра Алфатар
33%
Силистра Главиница
33%
Силистра Дулово
33%
Силистра Тутракан
33%
Сливен Котел
33%
Сливен Твърдица
33%
Сливен Шивачево
33%
Смолян Доспат
33%
Смолян Златоград
33%
Смолян Мадан
33%
Смолян Неделино
33%
Смолян Рудозем
33%
Смолян Чепеларе
33%
Софийска Божурище
33%
Софийска Ботевград
33%
Софийска Годеч
33%
Софийска Долна Баня
33%
Софийска Драгоман
33%
Софийска Етрополе
33%
Софийска Златица
33%
Софийска Ихтиман
33%
Софийска Копривщица
33%
Софийска Костенец
33%
Софийска Момин Проход
33%
Софийска Костинброд
33%
Софийска Пирдоп
33%
Софийска Правец
33%
Софийска Самоков
33%
Софийска Своге
33%
Софийска Сливница
33%
София-град Бухово
33%
София-град Нови Искър
33%
Стара Загора Гурково
33%
Стара Загора Гълъбово
33%
Стара Загора Мъглиж
33%
Стара Загора Николаево
33%
Стара Загора Павел Баня
33%
Стара Загора Раднево
33%
Стара Загора Чирпан
33%
Търговище Антоново
33%
Търговище Омуртаг
33%
Търговище Опака
33%
Хасково Меричлери
33%
Хасково Ивайловград
33%
Хасково Любимец
33%
Хасково Свиленград
33%
Хасково Симеоновград
33%
Хасково Тополовград
33%
Хасково Харманли
33%
Шумен Велики Преслав
33%
Шумен Върбица
33%
Шумен Каолиново
33%
Шумен Каспичан
33%
Шумен Плиска
33%
Шумен Нови Пазар
33%
Шумен Смядово
33%
Ямбол Болярово
33%
Ямбол Елхово
33%
Ямбол Стралджа
33%
Добрич Каварна
33%
Бургас Ахелой
0%
Бургас Каблешково
0%
Велико Търново Дебелец
0%
Велико Търново Килифарево
0%
Пазарджик Костандово
0%
Пазарджик Ветрен
0%
Перник Батановци
0%
Плевен Тръстеник
0%
Плевен Славяново
0%
Плевен Койнаре
0%
Пловдив Клисура
0%
Пловдив Калофер
0%
Русе Глоджево
0%
Русе Сеново
0%
Сливен Кермен
0%
София-град Банкя
0%
Стара Загора Крън
0%
Хасково Маджарово
0%
No matching quizzes found
Score Distribution
Percent of People with Each Score
Percentile by Number Answered
Your Score History
You have not taken this quiz